| 000 | 00751nam a2200241 i 4500 | ||
|---|---|---|---|
| 001 | bg | ||
| 100 | 1 | _aŁĄCZYŃSKI, Bogumił | |
| 245 | 1 | 0 |
_aBezpieczna praca załóg pokładowych na statkach handlowych / _cBogumił Łączyński, Henryk Łączyński. |
| 260 |
_aGdynia : _bWydawnictwo Akademii Morskiej, _c2003. |
||
| 300 |
_a237 s. : _bil. ; _c24 cm. |
||
| 504 | _aBibliogr. | ||
| 650 | 9 |
_aStatki _xbezpieczeństwo i higiena pracy |
|
| 650 | 9 | _aBezpieczeństwo i higiena pracy | |
| 655 | _aPodręczniki akademickie | ||
| 700 | 1 | _aŁĄCZYŃSKI, Henryk | |
| 020 | _a8387875341 | ||
| 040 | _cBPK | ||
| 041 | 0 | _apol | |
| 080 | _a629.5:331.45](075.8) | ||
| 920 | _a83-87875-34-1 | ||
| 942 | _cKS | ||
| 008 | s pl f |000 0 pol | ||
| 999 |
_c43487 _d43487 |
||
| 856 |
_uhttp://koha.tu.koszalin.pl/cgi-bin/koha/opac-detail.pl?biblionumber=43487 _yKatalog online BPK |
||